Taxmann's insurance laws manual / (Record no. 140665)

MARC details
000 -LEADER
fixed length control field 00697nam a22001817a 4500
005 - DATE AND TIME OF LATEST TRANSACTION
control field 20170601113053.0
020 ## - INTERNATIONAL STANDARD BOOK NUMBER
International Standard Book Number 9789386189943
Terms of availability 2375.00
035 ## - SYSTEM CONTROL NUMBER
System control number B-666074
037 ## - SOURCE OF ACQUISITION
Source of stock number/acquisition Variety
Stock number dpl
082 ## - DEWEY DECIMAL CLASSIFICATION NUMBER
Classification number 346.54086
245 ## - TITLE STATEMENT
Title Taxmann's insurance laws manual /
250 ## - EDITION STATEMENT
Edition statement 18th ed
260 ## - PUBLICATION, DISTRIBUTION, ETC. (IMPRINT)
Place of publication, distribution, etc New Delhi
Name of publisher, distributor, etc Taxmann Publications
Date of publication, distribution, etc 2016
270 ## - ADDRESS
Address 59/32, New Rohtak Road,
City New Delhi
Postal code 110005
Telephone number +91-11-45562222
Fax number -
Electronic mail address -
300 ## - PHYSICAL DESCRIPTION
Extent various pagings
Dimensions 25cm(pbk)
942 ## - ADDED ENTRY ELEMENTS (KOHA)
Source of classification or shelving scheme Dewey Decimal Classification
Item type English Books
Call number suffix TAX
Classification part 346.54086
Holdings
Withdrawn status Lost status Not for loan Collection code Home library Current library Date acquired Source of acquisition Cost, normal purchase price Full call number Barcode Copy number Cost, replacement price Koha item type
      Non-fiction Ashok Vihar Ashok Vihar 01/06/2017 BPPD/EN/2015-16/AV/16-17/410/15.2.2017/IN1434/7.3.2017/ 10.3.2017 2375.00 346.54086 TAX B-666074 1 2375.00 English Books

© Delhi Public Library
Hit Counter
free hit counter